El procedimiento en el delito de conducción de vehículos en estado de ebriedad

שמור ב:
מידע ביבליוגרפי
מחבר ראשי: Ferreira Reyes, Ronnie (autor)
מחברים אחרים: Lema Serrano, Edmundo (autor), Soto Bravo, Ramón (autor)
פורמט: ספר
שפה:ספרדית
יצא לאור: Santiago, Chile Ediciones Encina Ltda 1974
מהדורה:Primera edición
נושאים:
תגים: הוספת תג
אין תגיות, היה/י הראשונ/ה לתייג את הרשומה!

MARC

LEADER 00000cam a2200000 a 4500
001 UCC5249
003 CL-VaPUC
005 20210512141546.0
008 180927e19740000cl |||||||||||||||||spa|d
999 |c 372505  |d 372503 
040 |c Pontificia Universidad Católica de Valparaíso 
082 0 4 |a 346.032 FER 1974  |2 21 
100 0 |a Ferreira Reyes, Ronnie  |e autor  |9 599544 
245 1 3 |a El procedimiento en el delito de conducción de vehículos en estado de ebriedad 
250 |a Primera edición 
260 0 3 |a Santiago, Chile  |b Ediciones Encina Ltda  |c 1974 
300 |a 174 páginas 
583 |a last modification  |c 20180927 22:58:00  |k Rodrigo Vera 
650 0 |a Accidentes de tráfico  |9 387030 
650 7 |a ESTADO DE EBRIEDAD  |2 CL-VaPUC  |9 448993 
650 7 |a LEY DE ALCOHOLES  |2 CL-VaPUC  |9 371899 
700 0 |a Lema Serrano, Edmundo  |e autor  |9 599545 
700 0 |a Soto Bravo, Ramón  |e autor  |9 599546 
942 |c BK  |2 ddc 
945 |d 20180927 22:58:00  |a dcastane 
952 |0 0  |1 0  |2 ddc  |3 erd  |4 0  |6 346_032000000000000_FER_1974  |7 0  |8 A  |9 490181  |a BIBDER  |b BIBDER  |e Mateluna Arestizabal, Alfredo Sergio  |i 5490286  |o 346.032 FER 1974  |p 5490286  |r 2023-01-25  |t 1  |w 2019-11-24  |y BK  |z Catalogado en:20180927  |k DER